| 000 | 01625nac a22003251u 4500 | ||
|---|---|---|---|
| 010 | _a 94015814 | ||
| 020 | _a0256106657 | ||
| 082 | 0 | 0 |
_a658.5620151 _bGIT |
| 090 |
_c5668 _d5668 |
||
| 100 | _aGitlow, Howard S. | ||
| 245 | 1 | 0 |
_aQuality management : _btools and methods for improvement / _cHoward Gitlow, Alan Oppenheim, Rosa Oppenheim. |
| 250 | _a2nd ed. | ||
| 260 |
_aBurr Ridge, Ill. : _bIrwin,c1995. _cc1995. |
||
| 300 |
_axix, 508 p. : _bill. ; _c25 cm. |
||
| 440 | 0 | _aIrwin series in statistics | |
| 500 | _aRev. ed. of: Tools and methods for the improvement of quality / Howard Gitlow ... [et al.]. 1989. | ||
| 500 | _aDistributer : Al-Ahram. | ||
| 504 | _aIncludes bibliographical references (p. 501-503) and index. | ||
| 511 | _aCatalogued By : Mahitab. | ||
| 650 | 0 |
_aQuality control _xStatistical methods. |
|
| 700 | 1 |
_aOppenheim, Alan V., _d1937- |
|
| 700 | 1 | _aOppenheim, Rosa. | |
| 740 | 0 | _aTools and methods for the improvement of quality. | |
| 856 | 4 | 2 |
_3Publisher description _uhttp://www.loc.gov/catdir/description/mh022/94015814.html |
| 856 | 4 | 2 |
_3Table of contents _uhttp://www.loc.gov/catdir/toc/mh022/94015814.html |
| 942 |
_cBB _k658.5620151GIT |
||
| 999 |
_c5668 _d5668 |
||